000
00284pab a2200121 454500
008
180718b xxu||||| |||| 00| 0 eng d
100
_a
Dang, Satyapal
245
_a
Police and human rights
650
_a
Police
650
_a
Civil Liberties
773
_a
Hindustan Times
909
_a
23351
999
_c
23351
_d
23351